000 00451nam a2200193Ia 4500
005 20240823021128.0
008 240823s9999||||xx |||||||||||||| ||und||
020 _a81-203-2652-0
041 _aENGLISH
082 _A624.1 P6
100 _aVarghese P C
245 0 _aFoundation Engineering
250 _a1st
260 _c2006
_b"PHI,New "
_aNew Delhi
500 _aTRANSFERED
650 _aFoundation
_bCivil
942 _cBK
999 _c176350
_d176350